[Event "Arber op 8th"]
[Site "Bodenmais"]
[Date "2019.07.30"]
[Round "4"]
[White "Strangmueller, Andreas"]
[Black "Merkl, Michael"]
[Result "1/2-1/2"]
[WhiteElo "1968"]
[BlackElo "1548"]
[PlyCount "38"]
[EventDate "2019.07.27"]
[EventType "swiss"]
[EventRounds "9"]
[EventCountry "GER"]
[SourceTitle "CBM 191 Extra"]
[Source "ChessBase"]
[SourceDate "2019.09.30"]
[SourceVersion "1"]
[SourceVersionDate "2019.09.30"]
[SourceQuality "1"]

1. d4 Nf6 2. c4 g6 3. Nc3 Bg7 4. e4 d6 5. Be2 0-0 6. Bg5 Na6 7. Qd2 e5 8. d5 Qe8 9. h4 Nc5 10. f3 a5 11. g4 h5 12. 0-0-0 Bd7 13. Kb1 hxg4 14. h5 Nxh5 15. fxg4 Nf4 16. Bf3 f6 17. Bxf4 exf4 18. Qxf4 Qe5 19. Qd2 Kf7 1/2-1/2

[Event "Arber op 8th"]
[Site "Bodenmais"]
[Date "2019.07.29"]
[Round "3"]
[White "Desoye, Gernot"]
[Black "Strangmueller, Andreas"]
[Result "1/2-1/2"]
[WhiteElo "1777"]
[BlackElo "1968"]
[PlyCount "35"]
[EventDate "2019.07.27"]
[EventType "swiss"]
[EventRounds "9"]
[EventCountry "GER"]
[SourceTitle "CBM 191 Extra"]
[Source "ChessBase"]
[SourceDate "2019.09.30"]
[SourceVersion "1"]
[SourceVersionDate "2019.09.30"]
[SourceQuality "1"]

1. d4 d5 2. c4 c6 3. Nf3 Nf6 4. Nc3 dxc4 5. a4 Bf5 6. e3 e6 7. Bxc4 Bb4 8. 0-0 Nbd7 9. Qe2 Bg6 10. Ne5 0-0 11. Nxg6 hxg6 12. Rd1 Qc7 13. Bd2 e5 14. dxe5 Nxe5 15. Bb3 a5 16. Be1 Rad8 17. h3 Rfe8 18. Rac1 1/2-1/2

[Event "Arber op 7th"]
[Site "Bodenmais"]
[Date "2018.07.28"]
[Round "1"]
[White "Strangmueller, Andreas"]
[Black "Hedzic, Omer"]
[Result "1-0"]
[WhiteElo "1980"]
[BlackElo "1470"]
[PlyCount "43"]
[EventDate "2018.07.28"]
[EventType "swiss"]
[EventRounds "9"]
[EventCountry "GER"]
[SourceTitle "CBM 185 Extra"]
[Source "ChessBase"]
[SourceDate "2018.07.29"]
[SourceVersion "1"]
[SourceVersionDate "2018.07.29"]
[SourceQuality "1"]

1. d4 e6 2. c4 c5 3. d5 exd5 4. cxd5 d6 5. Nc3 Nd7 6. e4 g6 7. Nf3 Bg7 8. Nd2 Bxc3 9. bxc3 Ngf6 10. Be2 0-0 11. 0-0 Re8 12. Qc2 a6 13. a4 b6 14. c4 Bb7 15. Bb2 Ne5 16. f4 Ned7 17. Bf3 Rb8 18. Rae1 h6 19. e5 dxe5 20. fxe5 Nh7 21. e6 fxe6 22. Qxg6+ 1-0

[Event "Arber op 6th"]
[Site "Bodenmais"]
[Date "2017.08.04"]
[Round "7"]
[White "Strangmueller, Andreas"]
[Black "Bensch, Patrick"]
[Result "0-1"]
[WhiteElo "2008"]
[BlackElo "2177"]
[PlyCount "128"]
[EventDate "2017.07.29"]
[EventType "swiss"]
[EventRounds "9"]
[EventCountry "GER"]
[SourceTitle "CBM 179 Extra"]
[Source "ChessBase"]
[SourceDate "2017.08.23"]
[SourceVersion "1"]
[SourceVersionDate "2017.08.23"]
[SourceQuality "1"]

1. d4 Nf6 2. c4 g6 3. Nc3 d5 4. cxd5 Nxd5 5. e4 Nxc3 6. bxc3 Bg7 7. Nf3 c5 8. Rb1 0-0 9. Be2 b6 10. 0-0 Bb7 11. Qd3 Ba6 12. Qe3 Qd7 13. Bxa6 Nxa6 14. h4 Qa4 15. h5 Qxa2 16. Bb2 cxd4 17. cxd4 Rac8 18. hxg6 hxg6 19. Ba3 Qe6 20. d5 Qd7 21. Rfd1 Rc3 22. Rd3 Rfc8 23. Nd4 Rxd3 24. Qxd3 Nc5 25. Qe3 e6 26. Nc6 exd5 27. exd5 Re8 28. Qf3 Ne4 29. Rd1 Nc3 30. Rd3 Nb5 31. d6 Nxa3 32. Ne7+ Rxe7 33. dxe7 Qxe7 34. Rxa3 Bd4 35. g3 a5 36. Kg2 Kg7 37. Ra2 Qf6 38. Qd5 Bc5 39. Qe4 Qd4 40. Qxd4+ Bxd4 41. Kf3 f5 42. Ke2 Kf6 43. Kd3 Bc5 44. f4 g5 45. Ke2 gxf4 46. gxf4 Ke6 47. Kd3 Kd5 48. Rh2 Bd6 49. Rh5 Bxf4 50. Rxf5+ Be5 51. Kc2 a4 52. Rh5 b5 53. Rh4 Bd4 54. Rh3 Kc4 55. Kb1 b4 56. Ka2 Bf6 57. Rf3 Bg5 58. Rg3 Bd2 59. Rg8 Kd3 60. Kb1 Kc4 61. Ka2 Be3 62. Ra8 Kb5 63. Rb8+ Bb6 64. Rc8 b3+ 0-1

[Event "Arber op 6th"]
[Site "Bodenmais"]
[Date "2017.08.03"]
[Round "6"]
[White "Kiracoglu, Nejat"]
[Black "Strangmueller, Andreas"]
[Result "0-1"]
[WhiteElo "1663"]
[BlackElo "2008"]
[PlyCount "102"]
[EventDate "2017.07.29"]
[EventType "swiss"]
[EventRounds "9"]
[EventCountry "GER"]
[SourceTitle "CBM 179 Extra"]
[Source "ChessBase"]
[SourceDate "2017.08.23"]
[SourceVersion "1"]
[SourceVersionDate "2017.08.23"]
[SourceQuality "1"]

1. e4 e6 2. d4 d5 3. Nc3 Nf6 4. Bg5 Bb4 5. e5 h6 6. Bd2 Bxc3 7. bxc3 Ne4 8. Qg4 g6 9. Bd3 Nxd2 10. Kxd2 c5 11. h4 h5 12. Qf4 cxd4 13. cxd4 Nc6 14. c3 Bd7 15. Nf3 Qe7 16. Ng5 Rf8 17. Nh7 Rh8 18. Nf6+ Kd8 19. f3 Na5 20. a4 Nb3+ 21. Kc2 Nxa1+ 22. Rxa1 Rc8 23. Kb2 Bc6 24. a5 a6 25. Qd2 Kc7 26. Qc2 Kb8 27. Qb3 Ka8 28. Kc2 Qc7 29. Kd2 Bb5 30. Bxb5 axb5 31. Qb4 Rhd8 32. Ra3 Ka7 33. Rb3 Qc4 34. Qxb5 Qxb5 35. Rxb5 Rc6 36. Rb3 Ka6 37. Ra3 Rc4 38. Kc2 Kb5 39. Kb2 Ra4 40. Rb3+ Kc4 41. Rxb7 Rxa5 42. Nd7 Rb5+ 43. Rxb5 Kxb5 44. Nc5 Kc4 45. Kc2 Ra8 46. Kb2 Ra7 47. g4 Ra5 48. gxh5 gxh5 49. f4 Rxc5 50. dxc5 Kxc5 51. Kb3 Kb5 0-1

[Event "Niederbayernliga 1516"]
[Site "Bayern"]
[Date "2015.10.11"]
[Round "1.5"]
[White "Strangmueller, Andreas"]
[Black "Ebner, Johannes"]
[Result "1-0"]
[WhiteElo "1891"]
[BlackElo "1777"]
[PlyCount "81"]
[EventDate "2015.10.11"]
[EventType "team-tourn"]
[EventRounds "9"]
[EventCountry "GER"]
[SourceTitle "EXT 2023"]
[Source "ChessBase"]
[SourceDate "2022.10.05"]
[SourceVersion "1"]
[SourceVersionDate "2022.10.05"]
[SourceQuality "1"]
[WhiteTeam "Landshut"]
[BlackTeam "Grafenau"]
[WhiteTeamCountry "GER"]
[BlackTeamCountry "GER"]

1. d4 e6 2. c4 Nf6 3. Nc3 d5 4. cxd5 exd5 5. Bg5 Be7 6. e3 0-0 7. Bd3 Nc6 8. a3 Be6 9. h3 Ne8 10. Bf4 Bd6 11. Nge2 a6 12. Qc2 h6 13. b4 Nf6 14. 0-0 Na7 15. Na4 Bxf4 16. Nxf4 Qe7 17. Nc5 c6 18. a4 Nc8 19. Ncxe6 fxe6 20. Ng6 Qd8 21. Nxf8 Kxf8 22. b5 axb5 23. axb5 Ne7 24. bxc6 bxc6 25. Rxa8 Qxa8 26. Rb1 Kf7 27. Qb2 Nfg8 28. Ra1 Qe8 29. Ra7 g6 30. Qc2 Kf6 31. Qc5 Qb8 32. g4 Qd8 33. Kg2 Qb8 34. h4 Qd8 35. Qa5 Qf8 36. Qc7 Kg7 37. Qxc6 Qf6 38. Kg3 Qf8 39. Qxe6 Qb8+ 40. Qe5+ Qxe5+ 41. dxe5 1-0

[Event "Regionalliga SO 1415"]
[Site "Bayern"]
[Date "2015.04.12"]
[Round "9.8"]
[White "Von Saldern, Ruediger"]
[Black "Strangmueller, Andreas"]
[Result "0-1"]
[WhiteElo "1837"]
[BlackElo "1891"]
[PlyCount "81"]
[EventDate "2014.10.19"]
[EventType "team-tourn"]
[EventRounds "9"]
[EventCountry "GER"]
[SourceTitle "EXT 2018"]
[Source "ChessBase"]
[SourceDate "2017.10.13"]
[SourceVersion "1"]
[SourceVersionDate "2017.10.13"]
[SourceQuality "1"]
[WhiteTeam "Starnberger See"]
[BlackTeam "Landshut"]
[WhiteTeamCountry "GER"]
[BlackTeamCountry "GER"]

1. d4 d5 2. Nf3 Nf6 3. c4 c6 4. Nc3 dxc4 5. a4 Bf5 6. e3 e6 7. Bxc4 Bb4 8. 0-0 Nbd7 9. Qb3 a5 10. Ne2 0-0 11. Ng3 Bg6 12. Bd2 Bxd2 13. Nxd2 Qb6 14. Rfc1 Nd5 15. Nge4 Qxb3 16. Bxb3 Nb4 17. Bc4 Rfd8 18. Rc3 e5 19. dxe5 Nxe5 20. Bf1 Rd7 21. Nf3 Nxf3+ 22. gxf3 Bxe4 23. fxe4 Rd2 24. Rb1 Rad8 25. Rcc1 Kf8 26. Rc5 b6 27. Rf5 Rd1 28. Rxd1 Rxd1 29. Kg2 Nd3 30. b3 Ke7 31. f4 g6 32. Rg5 h6 33. Rg3 Rd2+ 34. Kg1 Nc5 35. e5 Nxb3 36. e6 Nc5 37. exf7 Kxf7 38. Rh3 Kg7 39. Rf3 Nxa4 40. f5 gxf5 41. Rxf5 0-1

[Event "Niederbayernliga 1314"]
[Site "Bayern"]
[Date "2013.??.??"]
[Round "3"]
[White "Schoenbuchner, Gerhard"]
[Black "Strangmueller, Andreas"]
[Result "0-1"]
[WhiteElo "1770"]
[BlackElo "1840"]
[PlyCount "46"]
[EventDate "2013.10.13"]
[EventType "team-tourn"]
[EventRounds "9"]
[EventCountry "GER"]
[SourceTitle "EXT 2023"]
[Source "ChessBase"]
[SourceDate "2022.10.05"]
[SourceVersion "1"]
[SourceVersionDate "2022.10.05"]
[SourceQuality "1"]
[WhiteTeam "Aidenbach"]
[BlackTeam "Landshut II"]
[WhiteTeamCountry "GER"]
[BlackTeamCountry "GER"]

1. e4 e6 2. d4 d5 3. exd5 exd5 4. Nc3 Nf6 5. Bg5 Be7 6. Qd2 0-0 7. 0-0-0 c6 8. h4 b5 9. Qd3 Qa5 10. Kb1 b4 11. Nce2 Ba6 12. Qf5 Nbd7 13. Nf3 Bd6 14. h5 Bc8 15. Qd3 Ne4 16. Bh4 Ba6 17. Qe3 Rfe8 18. Qc1 Bxe2 19. Bxe2 Nc3+ 20. bxc3 bxc3 21. Nd2 cxd2 22. Qxd2 Rab8+ 23. Ka1 Bb4 0-1

[Event "Landesliga Sued 1112"]
[Site "Bayern"]
[Date "2012.02.05"]
[Round "6.8"]
[White "Weichlein, Paul"]
[Black "Strangmueller, Andreas"]
[Result "0-1"]
[WhiteElo "1911"]
[BlackElo "1815"]
[PlyCount "104"]
[EventDate "2011.10.02"]
[EventType "team-tourn"]
[EventRounds "9"]
[EventCountry "GER"]
[SourceTitle "EXT 2013"]
[Source "ChessBase"]
[SourceDate "2012.11.22"]
[SourceVersion "1"]
[SourceVersionDate "2012.11.22"]
[SourceQuality "1"]
[WhiteTeam "Haunstetten"]
[BlackTeam "Landshut"]
[WhiteTeamCountry "GER"]
[BlackTeamCountry "GER"]

1. d4 d5 2. c4 c6 3. Nf3 Nf6 4. Nc3 dxc4 5. a4 Bf5 6. e3 e6 7. Bxc4 Bb4 8. 0-0 Nbd7 9. Ne2 0-0 10. Ng3 Bg6 11. Bd2 Qa5 12. Qe2 c5 13. Rfd1 Rac8 14. e4 Bxd2 15. Nxd2 cxd4 16. Nb3 Qc7 17. Rac1 Qf4 18. Nxd4 Kh8 19. f3 Nb6 20. a5 Nxc4 21. Rxc4 Rxc4 22. Qxc4 Rd8 23. Nf1 Qb8 24. Rc1 Ne8 25. a6 bxa6 26. Qc5 Qd6 27. Qxd6 Nxd6 28. Ne3 h5 29. Ra1 Nxe4 30. Nc6 Rd3 31. Nc4 Nc5 32. N4e5 Rb3 33. Nxg6+ fxg6 34. Ne5 Rxb2 35. Rd1 Rb8 36. Rc1 Nb3 37. Rc7 Kh7 38. h4 a5 39. Nf7 a4 40. Ng5+ Kg8 41. Nxe6 a5 42. Rxg7+ Kh8 43. Rc7 a3 44. Rc2 Nc1 45. Rxc1 a2 46. Kf2 Rb1 47. Rc8+ Kh7 48. Ng5+ Kg7 49. Rc7+ Kf8 50. Ne6+ Kg8 51. Rg7+ Kh8 52. Rf7 Rb8 0-1

[Event "Niederbayernliga 1112"]
[Site "Bayern"]
[Date "2012.??.??"]
[Round "5"]
[White "Strangmueller, Andreas"]
[Black "Bernauer, Thomas"]
[Result "0-1"]
[WhiteElo "1834"]
[BlackElo "1876"]
[PlyCount "68"]
[EventDate "2011.10.??"]
[EventType "team-tourn"]
[EventRounds "9"]
[EventCountry "GER"]
[SourceTitle "EXT 2023"]
[Source "ChessBase"]
[SourceDate "2022.10.05"]
[SourceVersion "1"]
[SourceVersionDate "2022.10.05"]
[SourceQuality "1"]
[WhiteTeam "Landshut II"]
[BlackTeam "Grafenau"]
[WhiteTeamCountry "GER"]
[BlackTeamCountry "GER"]

1. d4 e6 2. c4 d5 3. Nc3 c5 4. cxd5 cxd4 5. Qxd4 Nc6 6. Qd1 exd5 7. e3 Nf6 8. Nf3 Bc5 9. Be2 0-0 10. 0-0 Re8 11. Na4 Bd6 12. b3 Rb8 13. Bb2 b5 14. Nc3 a6 15. Rc1 Ne5 16. Nxd5 Nfd7 17. Rc2 Nxf3+ 18. Bxf3 Ne5 19. Bxe5 Bxe5 20. g3 b4 21. Bg2 g6 22. e4 Be6 23. Qd2 Bxd5 24. exd5 Bc3 25. Qd3 Qd6 26. h4 Re5 27. Rd1 Rbe8 28. Kh2 Kg7 29. Bf3 f5 30. Kg2 f4 31. Rxc3 bxc3 32. Qxc3 fxg3 33. fxg3 Qf6 34. Bg4 Re2+ 0-1

[Event "Niederbayern-ch"]
[Site "Mamming"]
[Date "2011.03.12"]
[Round "6"]
[White "Lenhard, Alexander"]
[Black "Strangmueller, Andreas"]
[Result "0-1"]
[WhiteElo "1226"]
[BlackElo "1852"]
[PlyCount "76"]
[EventDate "2011.03.10"]
[EventType "swiss"]
[EventRounds "7"]
[EventCountry "GER"]
[SourceTitle "EXT 2023"]
[Source "ChessBase"]
[SourceDate "2022.10.05"]
[SourceVersion "1"]
[SourceVersionDate "2022.10.05"]
[SourceQuality "1"]

1. e4 e6 2. d4 d5 3. exd5 exd5 4. c4 Nf6 5. Nc3 Be7 6. Nf3 0-0 7. Ne5 c5 8. Be3 Nc6 9. Nxc6 bxc6 10. Be2 Rb8 11. b3 cxd4 12. Bxd4 dxc4 13. Bxc4 Qa5 14. 0-0 Rd8 15. Qe2 Rb7 16. Bxf6 Bxf6 17. Rfe1 Re7 18. Ne4 Bxa1 19. Rxa1 Qe5 20. Re1 Rde8 21. f3 Kh8 22. Ng3 Qd4+ 23. Kf1 Rxe2 24. Nxe2 Qe3 25. Bxf7 Rf8 26. Rd1 Ba6 27. Bc4 Bxc4 28. bxc4 h5 29. Nd4 Rd8 30. Re1 Qxd4 31. g3 Qxc4+ 32. Kg2 Rd2+ 33. Kh3 Qc2 34. Kh4 Rxh2+ 35. Kg5 Qd2+ 36. Kg6 Qxe1 37. g4 Qe6+ 38. Kg5 Qf6# 0-1